000 00546nam a22001697a 4500
005 20251108165306.0
008 250721s1986 xx 000 0 ara d
082 1 4 _a631.3/إسم
100 1 _aعطية، إسماعيل محمد
245 1 0 _aإقتصاديات الميكنة الزراعية /
264 1 _aالقاهرة :
_bالهيئة المصرية العامة للكتاب،
_c1986.
300 _a174ص
650 1 7 _aالآلات الزراعية
650 1 7 _aالهندسة الزراعية
942 _2ddc
_cBK
999 _c24307
_d24307